| 000 | 00689nam a2200217 i 4500 | ||
|---|---|---|---|
| 001 | 108985 | ||
| 003 | ES-MaACL | ||
| 005 | 20231204183649.0 | ||
| 007 | t| | ||
| 008 | 061121s1958 sp f |||| | spa d | ||
| 080 | _a947"1917/21" | ||
| 100 | 1 |
_aMoorehead, Alan. _982837 |
|
| 245 | 1 | 3 |
_aLa revolución rusa / _cAlan Moorehead ; [traducción del inglés por Rafael Vázquez Zamora]. |
| 250 | _a1ª ed. | ||
| 260 |
_aBarcelona : _bDestino, _c1958. |
||
| 300 |
_a322 p., 22 lám. ; _c25 cm. |
||
| 651 | 4 |
_aRusia- _xHistoria- _y1917-1921, Revolución. _99336 |
|
| 700 | 1 |
_aVázquez Zamora, Rafael, _d1911-1972 _9113498 |
|
| 852 |
_aES-MaACL _jC-15462 |
||
| 999 |
_c108985 _d108985 |
||